| 000 | 00538nam a22001937a 4500 | ||
|---|---|---|---|
| 008 | 150511b xxu||||| |||| 00| 0 eng d | ||
| 020 | _a9780078250620 | ||
| 041 | 0 | _aeng | |
| 080 | _a671 | ||
| 100 | 1 | _aSacks, Raymond J. | |
| 245 | 1 | 0 |
_aWelding : _cRaymond J. Sacks, Edward R. Bohnart. |
| 250 | _a3rd ed. | ||
| 260 |
_aBoston : _bMcGraw-Hill, _c2005. |
||
| 300 |
_a1276 f. : _bme il.; _c28 cm. |
||
| 650 | 0 | _aMetalet e çmuara | |
| 700 | 1 | _aBohnart, Edward R. | |
| 700 | 1 | _aSacks, Raymond J. | |
| 942 |
_2udc _cBK |
||
| 999 |
_c733 _d733 |
||